The holy bible : (Record no. 99011)
[ view plain ]
| 000 -LEADER | |
|---|---|
| fixed length control field | 00910cam a2200205Ia 4500 |
| 008 - FIXED-LENGTH DATA ELEMENTS--GENERAL INFORMATION | |
| fixed length control field | |
| 020 ## - INTERNATIONAL STANDARD BOOK NUMBER | |
| International Standard Book Number | 0564000914 (hbk.) |
| 049 ## - LOCAL HOLDINGS (OCLC) | |
| Holding library | MAIN |
| 090 ## - LOCALLY ASSIGNED LC-TYPE CALL NUMBER (OCLC); LOCAL CALL NUMBER (RLIN) | |
| Classification number (OCLC) (R) ; Classification number, CALL (RLIN) (NR) | BS191.A1BIB |
| 003 - CONTROL NUMBER IDENTIFIER | |
| control field | |
| 005 - DATE AND TIME OF LATEST TRANSACTION | |
| control field | 20230120153119.0 |
| 040 ## - CATALOGING SOURCE | |
| Transcribing agency | NUST |
| 245 14 - TITLE STATEMENT | |
| Title | The holy bible : |
| Remainder of title | containing the Old and New Testaments : revised standard version / |
| Statement of responsibility, etc. | translated from the original languages, being the version set forth A.D. 1611, rev. A.D. 1881-1885 and A.D. 1901, compared with most ancient authorities and revised A.D. 1946-1952, second edition of the New Testament A.D. 1971. |
| 260 ## - PUBLICATION, DISTRIBUTION, ETC. | |
| Place of publication, distribution, etc. | New York : |
| Name of publisher, distributor, etc. | American Bible Society, |
| Date of publication, distribution, etc. | c1980. |
| 300 ## - PHYSICAL DESCRIPTION | |
| Extent | xiv,[various pagination] : |
| Other physical details | maps ; |
| Dimensions | 21 cm. |
| 500 ## - GENERAL NOTE | |
| General note | Cover title: The Bible : revised standard version. |
| 740 4# - ADDED ENTRY--UNCONTROLLED RELATED/ANALYTICAL TITLE | |
| Uncontrolled related/analytical title | The Bible : revised standard version. |
| 907 ## - LOCAL DATA ELEMENT G, LDG (RLIN) | |
| a | .b10206759 |
| b | 22-01-07 |
| c | 06-07-06 |
| 942 ## - ADDED ENTRY ELEMENTS (KOHA) | |
| Koha item type | Ordinary Loan Books |
| Call number prefix | BS191.A1BIB |
| Date last seen | Total Checkouts | Full call number | Barcode | Cost, replacement price | Price effective from | Koha item type | Lost status | Source of classification or shelving scheme | Damaged status | Not for loan | Collection | Withdrawn status | Home library | Current library | Shelving location | Date acquired | Cost, normal purchase price |
|---|---|---|---|---|---|---|---|---|---|---|---|---|---|---|---|---|---|
| 01/20/2023 | 9 | BS191.A1 BIB | 92003024800 | 80.00 | 01/20/2023 | 3HOUR | LCC | NFIC | MAIN | MAIN | GEN | 01/20/2023 | 80.00 |